书目信息 |
| 题名: |
奇瑞轿车维修手册
|
|
| 作者: | 赵宇 , 李春明 主编 | |
| 分册: | ||
| 出版信息: | 北京 北京理工大学出版社 2003 |
|
| 页数: | 341页 | |
| 开本: | 26cm | |
| 丛书名: | ||
| 单 册: | ||
| 中图分类: | U469.110.7-62 | |
| 科图分类: | ||
| 主题词: | 轿车--jiao che--维修--手册 | |
| 电子资源: | 776190.htm | |
| ISBN: | 7-5640-0070-8 | |
| 000 | 00944nam0 2200277 450 | |
| 001 | CAL 012003124840 | |
| 005 | 20061121111719.37 | |
| 010 | @a7-5640-0070-8@dCNY 37.00 | |
| 099 | @aCAL 012003124840 | |
| 100 | @a20030609d2003 ekmy0chiy0121 ea | |
| 101 | 0 | @achi |
| 102 | @aCN@b110000 | |
| 105 | @aak z 000yy | |
| 200 | 1 | @a奇瑞轿车维修手册@Aqi rui jiao che wei xiu shou ce@f李春明,赵宇主编@Fli chun ming,zhao yu zhu bian |
| 210 | @a北京@c北京理工大学出版社@d2003 | |
| 215 | @a341页@c图@d26cm | |
| 330 | @a本书共分八章:概述、发动机机械部分、发动机电控燃油喷射系统、底盘部分简介、制动防抱死系统等。 | |
| 333 | @a读者对象:广大汽车修理工、汽车驾驶员。 | |
| 606 | 0 | @a轿车@Ajiao che@x维修@j手册 |
| 690 | @aU469.110.7-62@v4 | |
| 701 | 0 | @a赵宇@AZhao Yu@c(汽车工程)@4主编 |
| 701 | 0 | @a李春明@ALi Chunming@c(汽车维修)@4主编 |
| 801 | @aCN@c20061121 | |
| 856 | 4 | @u776190.htm |
| 905 | @apdsgxy@dU469.110.7-62@eL134 | |
| 998 | @aBJP | |
| 奇瑞轿车维修手册/李春明,赵宇主编.-北京:北京理工大学出版社,2003 |
| 341页:图;26cm |
| 使用对象:读者对象:广大汽车修理工、汽车驾驶员。 |
| ISBN 7-5640-0070-8:CNY 37.00 |
| 本书共分八章:概述、发动机机械部分、发动机电控燃油喷射系统、底盘部分简介、制动防抱死系统等。 |
| ● |
| 相关链接 |
|
|
|
正题名:奇瑞轿车维修手册
索取号:U469.110.7-62/L134
 
预约/预借
| 序号 | 登录号 | 条形码 | 馆藏地/架位号 | 状态 | 备注 |
| 1 | 613469 | 206134690 | 自科库501/501自科库 56排5列5层/ [索取号:U469.110.7-62/L134] | 在馆 | |
| 2 | 613470 | 206134707 | 自科库501/501自科库 56排5列5层/ [索取号:U469.110.7-62/L134] | 在馆 | |
| 3 | 613471 | 206134716 | 自科库501/501自科库 56排5列5层/ [索取号:U469.110.7-62/L134] | 在馆 |